Music Quiz

Random Music Quiz

Rock N' Roll ABC's!!! Quiz Stats

 Plays Quiz not verified by Sporcle

Challenge
Share
Tweet
Embed
Score 0/26 Timer 07:00
0 Plays Today
Hint Band/Musician % Correct
Nirvana's drummer now fronts this band...Foo Fighters
81.9%
known as the 'Bad Boys of Boston'...Aerosmith
70.1%
Johnny Cash covered this band's song, 'Hurt'Nine Inch Nails
62.7%
innovative singer for The Stooges...Iggy Pop
61%
Most famous for playing with 'The Boss'E Street Band
59.9%
Slash, Scott Weiland, and Duff McKagan joined forces for this band...Velvet Revolver
55.9%
Has played lead guitar for Rage Against The Machine and AudioslaveTom Morello
47.5%
Played alongside Bob Dylan, Jeff Lynne, Roy Orbison, and George Harrison in 'The Traveling Wilburys'Tom Petty
45.8%
The 'Y' in 'CSNY'...Neil Young
44.6%
Played the Super Bowl XLIV halftime show...The Who
40.7%
...Recorded numerous albums with 'The Mothers of Invention'...Frank Zappa
40.7%
can be found playing shows in their hometown of Boston, MA every St. Patty's week..Dropkick Murphys
39%
...a crazed deer and Dave Grohl can be seen in their video for 'No One Knows'Queens of The Stone Age
37.3%
Hint Band/Musician % Correct
Lead Singer for Alice In Chains before his death in 2002Layne Staley
32.8%
widely referred to as 'The Only Band That Matters'The Clash
29.4%
Songs include..'Sister Luck', 'Twice as Hard'Black Crowes
24.9%
Los Angeles Punk band formed in 1977X
24.3%
Finnish band uses a 'heartagram' as their logo...HIM
23.2%
'Where I go I just dont know, I might end up somewhere in Mexico'...Red Hot Chili Peppers
18.6%
'She gets mad, Starts to cry, She takes a swing, She can't hit'Janes Addiction
15.8%
'Clumsy', 'Innocent', 'Somewhere Out There', are some of this Canadien bands popular tracks...Our Lady Peace
14.7%
Albums include 'Sink or Swim'...'The 59' Sound'...'American Slang'...The Gaslight Anthem
13.6%
Logo consists of a skeleton holding a cigarette and martini glass...Social Distortion
7.9%
'Blue and Yellow', 'Buried Myself Alive', and 'Maybe Memories' are all tracks off this bands self-titled album...The Used
6.8%
Quoted saying, 'We want to be the band that if we moved in next door to you, your lawn would die.'Lemmy Kilmister
2.8%
The number '152' appears on every album...Taking Back Sunday
2.8%

You're not logged in!

Compare scores with friends on all Sporcle quizzes.
Join for Free
OR
Log In

You Might Also Like...

Show Comments

Extras

Created Feb 18, 2011ReportFavoriteNominate
Tags:Rock n Roll

Top Quizzes Today


Score Distribution

Your Account Isn't Verified!

In order to create a playlist on Sporcle, you need to verify the email address you used during registration. Go to your Sporcle Settings to finish the process.

Report this User

Report this user for behavior that violates our Community Guidelines.

Details: